000 01080nam a22002777a 4500
999 _c117989
_d117989
003 dpl
005 20190125110734.0
008 190125b ||||| |||| 00| 0 eng d
010 _aB-077418
020 _c130.00
_a8188077119
035 _aB-077418, B-077422
037 _bCen Lib/Ret
040 _aDPL
_bHN
_c0
082 _a821
_bसिन्हामी
100 _aसिन्हा, मीनाक्षी
_977835
245 _aकोशिश /
_cमीनाक्षी सिन्हा
246 _aKoshish /
_bby Minakshi Sinha
260 _aदिल्ली
_bशब्दसृष्टि
270 _bदिल्ली
_a1/10295, वेस्ट गोरख पार्क, शाहदरा
_e110032
300 _a120पृ.
_c20सेमी(सजिल्द )
650 _a साहित्य--कविता
_x
_977836
650 _aहिंदी--कविता
_977837
650 _aLiterature--Poetry
_977838
650 _aHindi--poetry
_977839
942 _2ddc
_cHN
_h821
_mसिन्हामी